| 000 | 01525nam a2200385 a 4500 | ||
|---|---|---|---|
| 999 |
_c85085 _d85085 |
||
| 003 | BLK | ||
| 005 | 20241009005429.0 | ||
| 008 | 180408b bul|||||r ||||||| ||bul|| | ||
| 010 | _aKNG00089681000 | ||
| 040 | _aBLK | ||
| 041 |
_aBUL _cBUL |
||
| 080 |
_aДатска литература _b821.113.4 _x-93-34 _z821.113.4-93-34 |
||
| 100 |
_aАндерсен, Ханс Кристиан _d1805 - 1875 _9363318 |
||
| 139 |
_aАндерсен, Ханс Кристиан _bА 65 |
||
| 245 | 1 | 0 |
_aЦветята на малката Ида _cХанс Кристиан Андерсен; прев. от рус. Валентина Янчева; ил. Либико Марайя. |
| 245 | 1 | 0 |
_aМалката кибритопродавачка _bПриказки |
| 257 | _aDAN | ||
| 260 |
_bСофи-Р _c1992 _9209581 _aСофия _n954-638- |
||
| 300 |
_a27 с. _bс цв. ил. _c29 см |
||
| 380 | _aDX | ||
| 500 | _aПрев. от рус. изд. - Ориг. загл. на дат. ез. | ||
| 653 | _aдетска литература | ||
| 653 | _aлитература за деца | ||
| 653 | _aприказки | ||
| 700 |
_aЯнчева, Валентина _eпрев. от рус. _9301681 |
||
| 700 | 1 |
_aМарайя, Либико _eил. _992511 |
|
| 852 | _aЦб ІІ 9162 | ||
| 856 | 4 | _qpdf | |
| 856 | 4 | _qpdf | |
| 942 |
_cKNG _n0 _03 _s1 |
||
| 944 |
_aCR _c27.05.2009 _lCRON CRON _k |
||
| 944 |
_aED _c08.02.2017 _lф / _kЛюдмила_Стоянова |
||
| 944 |
_aED _c2021-01-22 _kВК |
||
| 999 | _d85085 | ||